000 00309cam a22001097a 4500
008 180718b1982 xxu||||| |||| 00| 0 eng d
082 _aY1182x5451 An24r
245 _aReport of the commission for irrigation utilisation
260 _aHyderabad
_b
_c1982
300 _a180+p.
500 _aContents : Library has 2v
999 _c499114
_d499114